000 01357cam a22003374i 4500
999 _c14267
_d14267
001 18792780
005 20190906102015.0
008 150923s2016 ilua b 001 0 eng
010 _a 2015025904
020 _a978-1-4925-0763-5
040 _aDLC
_beng
_cDLC
_erda
_dDLC
042 _apcc
043 _an-us---
050 0 0 _aLB1587.A3
_bB46 2016
082 0 0 _aDC 613.071
_22016
_bB435
100 1 _aBenes, Sarah,
_d1982-
_eauthor.
_939458
245 1 4 _aThe essentials of teaching health education :
_bcurriculum, instruction, and assessment /
_cSarah Benes,EdD, Holly Alperin, EdM.
260 _aChampaign, IL :
_bHuman Kinetics,
_c©2016.
300 _axiii, 302 pages :
_bcolor illustrations ;
_c29 cm.
490 0 _aHuman Kinetics.
504 _aIncludes bibliographical references (pages 291-295) and index.
650 0 _aHealth education
_zUnited States.
_939459
650 0 _aHealth education
_xCurricula
_zUnited States.
_939460
650 0 _aHealth education
_xStandards
_zUnited States.
_939461
650 0 _aHealth education teachers
_xTraining of
_zUnited States.
_939462
700 1 _aAlperin, Holly,
_d1977-
_eauthor.
_939463
365 _b8,250.00
_cPhp
906 _a7
_bcbc
_corignew
_d1
_eecip
_f20
_gy-gencatlg
942 _2ddc
_cDC